[Event "Dublin-ch Final Weekender 100th"]
[Site "Dublin"]
[Date "2021.08.22"]
[Round "4"]
[White "Cooney, Brendan"]
[Black "O'Hanlon, Joe"]
[Result "1/2-1/2"]
[WhiteElo "1818"]
[BlackElo "1507"]
[PlyCount "111"]
[EventDate "2021.08.20"]
[EventType "swiss"]
[EventRounds "5"]
[EventCountry "IRL"]
[SourceTitle "CBM 204 Extra"]
[Source "ChessBase"]
[SourceDate "2021.11.30"]
[SourceVersion "1"]
[SourceVersionDate "2021.11.30"]
[SourceQuality "1"]

1. e4 e6 2. d4 d5 3. exd5 exd5 4. Be3 Bd6 5. Nc3 c6 6. Bd3 Ne7 7. Nge2 Be6 8. Qd2 Nd7 9. Ng3 Qc7 10. Nh5 0-0 11. Bh6 Nf5 12. Bxf5 Bxf5 13. Nxg7 Bg6 14. 0-0-0 Qd8 15. h4 Qf6 16. h5 Bf5 17. Nxf5 Qxf5 18. Rh3 Rfe8 19. f4 Bf8 20. Bg5 h6 21. Bh4 Kh7 22. Rg1 Bd6 23. Rf3 Nf6 24. Bxf6 Qxf6 25. g4 Re7 26. Qd3+ Kh8 27. Ne2 Rg8 28. g5 Qe6 29. Kd1 Rge8 30. Rg2 Rg8 31. f5 Qe4 32. g6 f6 33. Qxe4 Rxe4 34. c3 Kg7 35. Ng3 Bxg3 36. Rgxg3 Rge8 37. Kd2 Re2+ 38. Kd3 Rh2 39. Rh3 Rxb2 40. Re3 Rxe3+ 41. Rxe3 Rxa2 42. Re7+ Kg8 43. Rh7 Rf2 44. Rxh6 Rxf5 45. Rh7 Rg5 46. Rxb7 Rxh5 47. Rxa7 Rh3+ 48. Kd2 Rg3 49. Rc7 Rxg6 50. Rxc6 Kf7 51. Ke3 Rg5 52. Kf4 Kg6 53. Rd6 Rf5+ 54. Kg4 Rg5+ 55. Kf4 Rf5+ 56. Kg4 1/2-1/2

[Event "Dublin-ch Final Weekender 100th"]
[Site "Dublin"]
[Date "2021.08.22"]
[Round "5"]
[White "O'Hanlon, Joe"]
[Black "Mihaylova, Aliona"]
[Result "1/2-1/2"]
[WhiteElo "1507"]
[BlackElo "1655"]
[PlyCount "82"]
[EventDate "2021.08.20"]
[EventType "swiss"]
[EventRounds "5"]
[EventCountry "IRL"]
[SourceTitle "CBM 204 Extra"]
[Source "ChessBase"]
[SourceDate "2021.11.30"]
[SourceVersion "1"]
[SourceVersionDate "2021.11.30"]
[SourceQuality "1"]

1. d4 d5 2. Bf4 c6 3. c3 e6 4. e3 Bd6 5. Bxd6 Qxd6 6. Qg4 g6 7. Nf3 Nd7 8. Be2 Ngf6 9. Qg3 Ne4 10. Qxd6 Nxd6 11. Nbd2 0-0 12. 0-0 Re8 13. Rfe1 b6 14. Bd3 Bb7 15. Rad1 c5 16. h3 Rad8 17. Kf1 Nf6 18. Ne5 Kg7 19. Kg1 Nd7 20. Ndf3 f6 21. Nxd7 Rxd7 22. a4 e5 23. Bb5 Nxb5 24. axb5 a6 25. bxa6 Bxa6 26. Rd2 Bc4 27. dxe5 fxe5 28. e4 d4 29. b3 Bxb3 30. Rb1 Ba4 31. Rxb6 dxc3 32. Rxd7+ Bxd7 33. Rb3 c2 34. Rc3 Ba4 35. Ne1 Rd8 36. Nxc2 Rd1+ 37. Kh2 Rc1 38. Ra3 Rxc2 39. Rxa4 Rxf2 40. Rc4 Re2 41. Kg3 Kf6 1/2-1/2

[Event "Dublin-ch Final Weekender 100th"]
[Site "Dublin"]
[Date "2021.08.21"]
[Round "3"]
[White "O'Hanlon, Joe"]
[Black "O'Laoide, Liam"]
[Result "1/2-1/2"]
[WhiteElo "1507"]
[BlackElo "1626"]
[PlyCount "77"]
[EventDate "2021.08.20"]
[EventType "swiss"]
[EventRounds "5"]
[EventCountry "IRL"]
[SourceTitle "CBM 204 Extra"]
[Source "ChessBase"]
[SourceDate "2021.11.30"]
[SourceVersion "1"]
[SourceVersionDate "2021.11.30"]
[SourceQuality "1"]

1. d4 d5 2. Bf4 Bf5 3. e3 e6 4. c3 Bd6 5. Nf3 Bxf4 6. exf4 Nf6 7. Nbd2 0-0 8. Be2 c5 9. 0-0 Qd6 10. g3 Nc6 11. dxc5 Qxc5 12. Nb3 Qb6 13. Kg2 Rfd8 14. Nfd4 Nxd4 15. Qxd4 Qxd4 16. Nxd4 Bg6 17. Rfd1 Nd7 18. Bd3 Bxd3 19. Rxd3 Nc5 20. Re3 Na4 21. Re2 Rab8 22. Rae1 Rdc8 23. f5 exf5 24. Nxf5 Kf8 25. Rd1 Rc5 26. Ne3 Rb5 27. Rxd5 Rxb2 28. Rxb2 Nxb2 29. Rd7 Na4 30. Rc7 Nb6 31. c4 Na8 32. Rc5 Ke7 33. Nf5+ Kf6 34. Ne3 Ke6 35. Kf3 Nb6 36. Rc7 Na8 37. Rc5 b6 38. Rd5 Nc7 39. Rd4 1/2-1/2

[Event "IRL-ch Weekender op"]
[Site "Dublin"]
[Date "2018.08.11"]
[Round "3.10"]
[White "O'Hanlon, Joe"]
[Black "Peoples, Jonathon"]
[Result "0-1"]
[WhiteElo "1476"]
[BlackElo "1776"]
[PlyCount "59"]
[EventDate "2018.08.10"]
[EventType "swiss"]
[EventRounds "5"]
[EventCountry "IRL"]
[SourceTitle "EXT 2023"]
[Source "ChessBase"]
[SourceDate "2022.10.05"]
[SourceVersion "1"]
[SourceVersionDate "2022.10.05"]
[SourceQuality "1"]

1. d4 Nf6 2. Bf4 d5 3. e3 c5 4. Nc3 cxd4 5. exd4 a6 6. Nf3 Nc6 7. Be2 Bf5 8. a3 e6 9. Nh4 Bg6 10. Nxg6 hxg6 11. Bf3 Qb6 12. Ne2 Be7 13. b3 Bxa3 14. 0-0 Be7 15. Qd2 0-0 16. Rfd1 Rac8 17. c3 Nb8 18. Qd3 Bd6 19. Bxd6 Qxd6 20. c4 Nbd7 21. c5 Qc7 22. b4 Rfd8 23. b5 e5 24. dxe5 Nxe5 25. Qc3 axb5 26. Nd4 Nxf3+ 27. gxf3 Qxc5 28. Qxc5 Rxc5 29. Rab1 Kf8 30. Nxb5 0-1